Iles des Caraïbes - Statistiques

Statistiques générales
  • Ce quiz a été pris 1 196 fois
  • Le résultat moyen est 15 sur 24
Statistiques - réponses
Nom % Correct
Cuba
91%
Haïti
89%
Jamaïque
89%
Sainte Lucie
88%
République dominicaine
87%
Dominique
85%
Bahamas
81%
Barbade
81%
Guadeloupe
81%
Saint-Vincent et les Grenadines
81%
Martinique
80%
Antigua et Barbuda
79%
Grenade
79%
Trinité et Tobago
79%
Saint Christophe et Niévès
78%
Saint-Martin
55%
Porto Rico
49%
Saint-Barthélemy
41%
Iles Vierges britanniques
30%
Anguilla
29%
Montserrat
28%
Iles Caïmans
17%
Iles Turques et Caïques
12%
Iles Vierges des Etats-Unis
8%
Aucun quiz correspondant
Distribution des résultats
% des personnes avec chaque résultat
Percentile par nombre de réponses
Votre historique - résultats
Vous n’avez pas pris ce quiz